Sociálno-ekonomický pilier udržateľného podnikového rozvoja bakalárska práca

Saved in:
Bibliographic Details
Main Author: Petraninová, Dominika
Corporate Author: Podnikovohospodárska fakulta EU so sídlom v Košiciach. Katedra manažmentu
Other Authors: Szaryszová, Petra, 1984-
Format: Book
Language:Slovak
Published: Košice 2015
Tags: Add Tag
No Tags, Be the first to tag this record!

MARC

LEADER 00000nbm a2200000 4500
001 0202254
005 20161212094458.8
041 0 |a slo 
044 |a SK 
245 1 0 |a Sociálno-ekonomický pilier udržateľného podnikového rozvoja  |b bakalárska práca  |c Dominika Petraninová ; školiteľ: Petra Szaryszová 
264 1 |a Košice  |c 2015 
300 |a 47 s. 
100 1 |a Petraninová, Dominika 
700 1 |a Szaryszová, Petra, 1984- 
710 2 |a Podnikovohospodárska fakulta EU so sídlom v Košiciach. Katedra manažmentu